书目信息 |
| 题名: |
物流运作管理
|
|
| 作者: | 汝宜红 主编 | |
| 分册: | ||
| 出版信息: | 北京 清华大学出版社 2006 |
|
| 页数: | 340页 | |
| 开本: | 23cm | |
| 丛书名: | 21世纪物流理论与实务前沿 | |
| 单 册: | ||
| 中图分类: | F259.23 | |
| 科图分类: | ||
| 主题词: | 企业管理--物流--物资管理 , 物资经济 | |
| 电子资源: | ||
| ISBN: | 7-302-11920-1 | |
| 000 | 01066nam0 2200277 450 | |
| 000 | 01177nam0 2200277 45 | |
| 005 | 20070108154057.78 | |
| 010 | @a7-302-11920-1@dCNY33.00 | |
| 100 | @a20060829d2006 em y0chiy0120 ea | |
| 101 | 0 | @achi |
| 102 | @aCN@b110000 | |
| 105 | @aak a 000yy | |
| 200 | 1 | @a物流运作管理@AWu Liu Yun Zuo Guan Li@f汝宜红主编@FRu Yi Hong Zhu Bian |
| 210 | @a北京@c清华大学出版社@d2006 | |
| 215 | @a340页@c图@d23cm | |
| 225 | 2 | @a21世纪物流理论与实务前沿 |
| 314 | @a汝宜红,现任北京交通大学经济管理学院教授、博士生导师,兼任中国物流学会常务理事,中国机械工程学会高级会员。 | |
| 320 | @a有书目: (339-340页) | |
| 330 | @a本书立足企业物流动作管理实务,从基础课论入手,密切结合我国企业物流动作管理现状与高级物流管理人员的工作需求,在创作思想和编著内容等方面分别阐述的物流动作的相关知识和理论。 | |
| 410 | 0 | @12001 @a21世纪物流理论与实务前沿 |
| 606 | 0 | @a企业管理@x物流@x物资管理 |
| 606 | 0 | @a物资经济 |
| 690 | @aF259.23@v4 | |
| 701 | 0 | @a汝宜红@ARu Yi Hong@4主编 |
| 801 | 0 | @aCN@b中图数据@c20070108 |
| 905 | @a10447@dF259.23@e52 | |
| 物流运作管理/汝宜红主编.-北京:清华大学出版社,2006 |
| 340页:图;23cm.-(21世纪物流理论与实务前沿) |
| ISBN 7-302-11920-1:CNY33.00 |
| 本书立足企业物流动作管理实务,从基础课论入手,密切结合我国企业物流动作管理现状与高级物流管理人员的工作需求,在创作思想和编著内容等方面分别阐述的物流动作的相关知识和理论。 |
| ● |
| 相关链接 |
|
|
|
|
正题名:物流运作管理
索取号:F259.23/52
 
预约/预借
| 序号 | 登录号 | 条形码 | 馆藏地/架位号 | 状态 | 备注 |
| 1 | 0614004 | 206140040 | 第一样本阅览室/ [索取号:F259.23/52] | 在馆 | |
| 2 | 0614005 | 206140059 | 第一借阅区/ [索取号:F259.23/52] | 在馆 | |
| 3 | 0614006 | 206140068 | 第一借阅区/ [索取号:F259.23/52] | 在馆 | |
| 4 | 0614007 | 206140077 | 第一借阅区/ [索取号:F259.23/52] | 在馆 | |
| 5 | 0614008 | 206140086 | 第一借阅区/ [索取号:F259.23/52] | 在馆 | |
| 6 | 0614009 | 206140095 | 第一借阅区/ [索取号:F259.23/52] | 在馆 |